000 00731nam a22002417a 4500
001 19384
003 BD-RjUL
005 20211209000426.0
008 140224r19671936enk 001 0 eng d
035 _a(BD-RjUL)19444
040 _aBD-RjUL
_beng
_cBD-RjUL
041 _aeng
082 _a821.8
_bTEI 1967
100 1 _aTennyson, Alfred Tennyson
_959602
245 _aIn Memoriam /
_cAlfred Tennyson; edited by Michael Davis
260 _aLondon :
_bMacmillan,
_c1936 [Reprinted 1962,1967].
300 _axxvii, 138 p. ;
_c18 cm.
504 _aIncludes index.
600 _aHallam, Arthur Henry,
_d1811-1833
_xPoetry
_9241477
650 0 _aEnglish poetry
_9241478
700 1 _aDavis, Michael
_9241479
942 _2ddc
_cBK
999 _c19384
_d19384